[Event "Mecklenburg VP LL2 Ost 1819"]
[Site "Mecklenburg VP"]
[Date "2018.11.25"]
[Round "3.7"]
[White "Jepp, Wolfgang"]
[Black "Zimmermann, Frank"]
[Result "0-1"]
[WhiteElo "1574"]
[BlackElo "1602"]
[PlyCount "120"]
[EventDate "2018.10.21"]
[EventType "team-tourn"]
[EventRounds "9"]
[EventCountry "GER"]
[SourceTitle "EXT 2022"]
[Source "ChessBase"]
[SourceDate "2021.10.06"]
[SourceVersion "1"]
[SourceVersionDate "2021.10.06"]
[SourceQuality "1"]
[WhiteTeam "Bergen Rugia"]
[BlackTeam "Wolgast Motor"]
[WhiteTeamCountry "GER"]
[BlackTeamCountry "GER"]

1. e4 e5 2. Bc4 Nf6 3. d4 Nc6 4. Nf3 d6 5. dxe5 Nxe5 6. Nxe5 dxe5 7. Qxd8+ Kxd8 8. Bg5 Ke7 9. Nc3 c6 10. a4 Be6 11. Bxe6 Kxe6 12. 0-0 Bb4 13. Bxf6 Kxf6 14. Ne2 Rad8 15. Rad1 Bd2 16. Nc1 Bxc1 17. Rxd8 Rxd8 18. Rxc1 Rd4 19. f3 Rxa4 20. Kf2 Rd4 21. Ke2 Ke6 22. Ra1 a6 23. c3 Rd7 24. Ra3 c5 25. Rb3 b5 26. Ra3 Rd6 27. Ra5 c4 28. Ke1 g6 29. Ke2 f5 30. g3 g5 31. Ra1 h6 32. g4 f4 33. h4 gxh4 34. Rh1 Kd7 35. Rxh4 Kc6 36. Rh5 Re6 37. Rf5 Kc5 38. Rf8 Kb6 39. Rd8 Ka5 40. Kd2 Ka4 41. Kc2 a5 42. Rd7 b4 43. cxb4 axb4 44. Rd5 Re7 45. Rd8 Kb5 46. Rd5+ Kc6 47. Rd8 Rd7 48. Rc8+ Kb5 49. Re8 Kc5 50. Rxe5+ Kd4 51. Rf5 Ke3 52. Rd5 Rc7 53. Rd6 Kxf3 54. e5 Kxg4 55. Rxh6 Kf5 56. Rf6+ Kxe5 57. Rf8 Ke4 58. Re8+ Kf3 59. Re6 Kf2 60. Rf6 f3 0-1

[Event "Mecklenburg VP LL2 Ost 1516"]
[Site "Mecklenburg VP"]
[Date "2016.02.21"]
[Round "6.8"]
[White "Krueger, Bodo"]
[Black "Zimmermann, Frank"]
[Result "1/2-1/2"]
[WhiteElo "1654"]
[BlackElo "1581"]
[PlyCount "68"]
[EventDate "2015.09.20"]
[EventType "team-tourn"]
[EventRounds "9"]
[EventCountry "GER"]
[SourceTitle "EXT 2022"]
[Source "ChessBase"]
[SourceDate "2021.10.06"]
[SourceVersion "1"]
[SourceVersionDate "2021.10.06"]
[SourceQuality "1"]
[WhiteTeam "Bergen Rugia"]
[BlackTeam "Wolgast Motor"]
[WhiteTeamCountry "GER"]
[BlackTeamCountry "GER"]

1. e4 e5 2. Nf3 Nc6 3. Bb5 a6 4. Ba4 Nf6 5. Nc3 b5 6. Bb3 Be7 7. 0-0 0-0 8. Re1 d6 9. h3 Na5 10. d4 Nxb3 11. axb3 exd4 12. Nxd4 Bb7 13. Nf5 Re8 14. Bg5 Kh8 15. Qd3 b4 16. Bxf6 Bxf6 17. Nd5 Bxb2 18. Rad1 Bxd5 19. Qxd5 Qf6 20. Qc4 Bc3 21. Re2 g6 22. Ne3 Kg7 23. Nd5 Qe5 24. f4 Qh5 25. Nxc3 bxc3 26. Qxc3+ Kg8 27. Rde1 Rac8 28. Qc6 Qb5 29. Qxb5 axb5 30. Kf2 Ra8 31. Rd1 f6 32. Rd5 Rab8 33. Kf3 Kf7 34. g4 Re6 1/2-1/2

[Event "Mecklenburg VP LL2 Ost 1415"]
[Site "Mecklenburg VP"]
[Date "2014.12.07"]
[Round "4.8"]
[White "Raitza, Egon"]
[Black "Zimmermann, Frank"]
[Result "1/2-1/2"]
[WhiteElo "1652"]
[BlackElo "1615"]
[PlyCount "92"]
[EventDate "2014.09.21"]
[EventType "team-tourn"]
[EventRounds "9"]
[EventCountry "GER"]
[SourceTitle "EXT 2022"]
[Source "ChessBase"]
[SourceDate "2021.10.06"]
[SourceVersion "1"]
[SourceVersionDate "2021.10.06"]
[SourceQuality "1"]
[WhiteTeam "Rostock SSC 07 III"]
[BlackTeam "Wolgast Motor"]
[WhiteTeamCountry "GER"]
[BlackTeamCountry "GER"]

1. d4 d5 2. Nf3 Nf6 3. e3 e6 4. Bd3 Be7 5. Nbd2 Nbd7 6. 0-0 0-0 7. Qe2 c5 8. c3 c4 9. Bc2 b5 10. e4 dxe4 11. Nxe4 Bb7 12. Bf4 Nxe4 13. Bxe4 Bd5 14. Bxd5 exd5 15. Rfe1 Re8 16. Qc2 Nf6 17. Ne5 Bd6 18. Bg5 Re6 19. Re3 Qc7 20. Bxf6 Rxf6 21. Rae1 Re8 22. h3 Rfe6 23. Qf5 g6 24. Qf3 Bxe5 25. dxe5 Rxe5 26. Qf4 Rxe3 27. Qxc7 Rxe1+ 28. Kh2 R1e2 29. Qxa7 Rxb2 30. a4 bxa4 31. Qxa4 Ree2 32. Qa8+ Kg7 33. Qxd5 Rxf2 34. Qd4+ Kf8 35. Qd8+ Kg7 36. Qd4+ f6 37. Qxc4 Rxg2+ 38. Kh1 Rh2+ 39. Kg1 Rxh3 40. Qc7+ Kh6 41. Qf4+ Kh5 42. Qxf6 Rhh2 43. Qe5+ Kg4 44. Qe4+ Kh5 45. Qe5+ g5 46. Qe8+ Kg4 1/2-1/2

[Event "Mecklenburg VP LL2 Ost 1112"]
[Site "Mecklenburg VP"]
[Date "2011.10.23"]
[Round "2.6"]
[White "Zimmermann, Frank"]
[Black "Kundt, Guenther"]
[Result "1-0"]
[WhiteElo "1522"]
[BlackElo "1562"]
[PlyCount "43"]
[EventDate "2011.10.02"]
[EventType "team-tourn"]
[EventRounds "9"]
[EventCountry "GER"]
[SourceTitle "EXT 2022"]
[Source "ChessBase"]
[SourceDate "2021.10.06"]
[SourceVersion "1"]
[SourceVersionDate "2021.10.06"]
[SourceQuality "1"]
[WhiteTeam "Wolgast Motor"]
[BlackTeam "Graal Mueritz"]
[WhiteTeamCountry "GER"]
[BlackTeamCountry "GER"]

1. e4 c5 2. Nf3 Nc6 3. g3 g6 4. Bg2 Bg7 5. 0-0 d6 6. d3 e5 7. Nc3 Nge7 8. Be3 0-0 9. Nd2 Nd4 10. f4 Bh6 11. h3 b5 12. Ne2 Be6 13. c3 Nxe2+ 14. Qxe2 Qd7 15. f5 Bxe3+ 16. Qxe3 gxf5 17. exf5 Nxf5 18. Qg5+ Ng7 19. Bxa8 Rxa8 20. Ne4 Qd8 21. Nf6+ Kh8 22. Qh6 1-0

[Event "Regionalliga NW 0607"]
[Site "Bayern"]
[Date "2007.03.18"]
[Round "7.6"]
[White "Haase, Joerg"]
[Black "Zimmermann, Frank"]
[Result "1-0"]
[WhiteElo "1895"]
[BlackElo "1770"]
[PlyCount "59"]
[EventDate "2006.10.15"]
[EventType "team-tourn"]
[EventRounds "9"]
[EventCountry "GER"]
[SourceTitle "EXT 2008"]
[Source "ChessBase"]
[SourceDate "2007.11.25"]
[SourceVersion "1"]
[SourceVersionDate "2007.11.25"]
[SourceQuality "1"]
[WhiteTeam "Schweinheim"]
[BlackTeam "Nordhalben"]
[WhiteTeamCountry "GER"]
[BlackTeamCountry "GER"]

1. e4 d6 2. d4 g6 3. f4 Bg7 4. Nf3 Bg4 5. Be2 Bxf3 6. Bxf3 Nd7 7. c3 e6 8. 0-0 Ne7 9. Nd2 Rb8 10. Qa4 a6 11. Bg4 0-0 12. e5 Nd5 13. Ne4 N7b6 14. Qb3 dxe5 15. fxe5 Nd7 16. Bg5 Qc8 17. c4 N5b6 18. Be7 Re8 19. Nf6+ Nxf6 20. exf6 Bf8 21. Bxf8 Rxf8 22. Qh3 Kh8 23. b3 Qd8 24. Rad1 c6 25. Qh4 Rg8 26. Rd3 g5 27. Qxh7+ Kxh7 28. Rh3+ Kg6 29. Bh5+ Kh7 30. Bxf7# 1-0

[Event "Regionalliga NW 0607"]
[Site "Bayern"]
[Date "2006.12.10"]
[Round "4.7"]
[White "Suess, Mirco"]
[Black "Zimmermann, Frank"]
[Result "1-0"]
[WhiteElo "1922"]
[BlackElo "1770"]
[PlyCount "65"]
[EventDate "2006.10.15"]
[EventType "team-tourn"]
[EventRounds "9"]
[EventCountry "GER"]
[SourceTitle "EXT 2008"]
[Source "ChessBase"]
[SourceDate "2007.11.25"]
[SourceVersion "1"]
[SourceVersionDate "2007.11.25"]
[SourceQuality "1"]
[WhiteTeam "Klingenberg"]
[BlackTeam "Nordhalben"]
[WhiteTeamCountry "GER"]
[BlackTeamCountry "GER"]

1. e4 g6 2. d4 Bg7 3. f4 d5 4. e5 Nh6 5. Nf3 Bg4 6. Bd3 c5 7. dxc5 Qa5+ 8. Nc3 a6 9. Bd2 Qxc5 10. h3 Bd7 11. Qe2 Nf5 12. Qf2 Qxf2+ 13. Kxf2 e6 14. Bxf5 gxf5 15. g4 fxg4 16. hxg4 Nc6 17. Rh5 Nb4 18. a3 Nc6 19. Rah1 Bf8 20. Rxh7 Bc5+ 21. Be3 Bxe3+ 22. Kxe3 Rg8 23. R1h4 Na5 24. b3 Rc8 25. Kd2 Ke7 26. Ng5 Be8 27. R4h6 Rc6 28. Ne2 Kd8 29. Nd4 Rb6 30. Rf6 Nc6 31. Nxc6+ bxc6 32. Nxf7+ Bxf7 33. Rfxf7 1-0

[Event "Regionalliga NW 0607"]
[Site "Bayern"]
[Date "2006.10.15"]
[Round "1.7"]
[White "Dittmann, Rainer"]
[Black "Zimmermann, Frank"]
[Result "1/2-1/2"]
[WhiteElo "1966"]
[BlackElo "1770"]
[PlyCount "65"]
[EventDate "2006.10.15"]
[EventType "team-tourn"]
[EventRounds "9"]
[EventCountry "GER"]
[SourceTitle "EXT 2008"]
[Source "ChessBase"]
[SourceDate "2007.11.25"]
[SourceVersion "1"]
[SourceVersionDate "2007.11.25"]
[SourceQuality "1"]
[WhiteTeam "Schweinfurt"]
[BlackTeam "Nordhalben"]
[WhiteTeamCountry "GER"]
[BlackTeamCountry "GER"]

1. d4 d5 2. Nf3 Nf6 3. Bg5 e6 4. e3 c5 5. c3 a6 6. a4 Nbd7 7. Nbd2 h6 8. Bf4 Qb6 9. Qb3 Qxb3 10. Nxb3 c4 11. Nbd2 Nh5 12. Bc7 b6 13. b3 Ra7 14. Bg3 Nxg3 15. hxg3 cxb3 16. Nxb3 Rc7 17. Rc1 Nf6 18. Nfd2 Ba3 19. Rc2 Bb4 20. Bd3 Rxc3 21. Rxc3 Bxc3 22. Ke2 Bb4 23. Rc1 Kd7 24. Nf3 Ng4 25. e4 Bb7 26. e5 Rc8 27. Ne1 h5 28. Nc2 Be7 29. Rh1 Rc3 30. Nc1 Bg5 31. f3 Bxc1 32. fxg4 Bg5 33. gxh5 1/2-1/2

[Event "Regionalliga NW 0102"]
[Site "Bayern"]
[Date "2002.02.24"]
[Round "6.7"]
[White "Zimmermann, Frank"]
[Black "Heimerdinger, Joerg"]
[Result "1/2-1/2"]
[WhiteElo "1830"]
[BlackElo "1905"]
[PlyCount "45"]
[EventDate "2001.10.07"]
[EventType "team-tourn"]
[EventRounds "9"]
[EventCountry "GER"]
[SourceTitle "EXT 2003"]
[Source "ChessBase"]
[SourceDate "2002.11.25"]
[SourceVersion "1"]
[SourceVersionDate "2002.11.25"]
[SourceQuality "1"]
[WhiteTeam "Obernburg"]
[BlackTeam "Bindlach II"]
[WhiteTeamCountry "GER"]
[BlackTeamCountry "GER"]

1. e4 e6 2. d4 d5 3. Nc3 Bb4 4. exd5 exd5 5. Nf3 Bg4 6. Be2 Nf6 7. 0-0 0-0 8. Bg5 c6 9. Ne5 Bxe2 10. Nxe2 Re8 11. Ng3 h6 12. Bf4 Nbd7 13. Nf5 Bf8 14. Re1 Nxe5 15. Bxe5 Ne4 16. Qg4 Re6 17. f3 Rg6 18. Qf4 Ng5 19. Kh1 Re6 20. h4 Nh7 21. Bc7 Qd7 22. Rxe6 Qxe6 23. Qe5 1/2-1/2

[Event "Hessenliga 9900"]
[Site "Hessen"]
[Date "2000.02.13"]
[Round "6.2"]
[White "Weber, Ulrich"]
[Black "Zimmermann, Frank"]
[Result "1/2-1/2"]
[WhiteElo "2254"]
[BlackElo "2281"]
[PlyCount "83"]
[EventDate "1999.09.26"]
[EventType "team"]
[EventRounds "11"]
[EventCountry "GER"]
[SourceTitle "EXT 2002"]
[Source "ChessBase"]
[SourceDate "2001.11.25"]
[SourceVersion "1"]
[SourceVersionDate "2001.11.25"]
[SourceQuality "1"]

1. Nf3 d5 2. g3 e6 3. Bg2 Nd7 4. d3 a6 5. e4 dxe4 6. dxe4 Ngf6 7. Qe2 e5 8. 0-0 Bd6 9. Nbd2 0-0 10. Nh4 Nc5 11. h3 Re8 12. Nc4 b5 13. Ne3 Bb7 14. Ng4 Ne6 15. c3 Rb8 16. Nf5 Nxg4 17. Qxg4 Qf6 18. h4 Bf8 19. Be3 Red8 20. Bf3 Rd7 21. Rad1 Rbd8 22. Rxd7 Rxd7 23. Rd1 Rxd1+ 24. Bxd1 Bc5 25. Bb3 Bxe3 26. Nxe3 Nc5 27. Bd5 c6 28. Bb3 g6 29. h5 Kf8 30. Bc2 Ne6 31. hxg6 hxg6 32. Bb3 Nc5 33. Bc2 Ne6 34. b4 Qd8 35. Qd1 Qxd1+ 36. Bxd1 Ke7 37. f3 c5 38. Bb3 cxb4 39. cxb4 Nd4 40. Bd1 Kd6 41. Kf2 Bc8 42. Nd5 1/2-1/2